Прочностные свойства торфов Томской области; Проблемы геологии и освоения недр

Bibliographic Details
Parent link:Проблемы геологии и освоения недр.— 2001.— С. 153-154.
Main Author: Крамаренко В. В. Виолетта Валентиновна
Other Authors: Емельянова Т. Я. Тамара Яковлевна (научный руководитель)
Language:Russian
Published: 2001
Subjects:
Format: Book Chapter
KOHA link:https://koha.lib.tpu.ru/cgi-bin/koha/opac-detail.pl?biblionumber=48817

MARC

LEADER 00000naa2a2200000 4500
001 48817
005 20240220155443.0
035 |a (RuTPU)RU\TPU\book\51121 
035 |a RU\TPU\tpu\9017 
090 |a 48817 
100 |a 20030324d2001 k y0rusy50 ca 
101 0 |a rus 
102 |a RU 
200 1 |a Прочностные свойства торфов Томской области  |f В. В. Крамаренко  |g науч. рук. Т. Я. Емельянова 
320 |a Библиогр.: 2 назв. 
463 1 |0 (RuTPU)RU\TPU\book\41379  |y 5-93629-096-4  |t Проблемы геологии и освоения недр  |o труды Пятого Международного научного симпозиума им. ак. М. А. Усова студентов, аспирантов и молодых ученых, посвященного 100-летию горно-геологического образования в Сибири, Томск, 9-13 апреля 2001 г.  |f Российское геологическое общество;Томский политехнический университет  |v С. 153-154.  |d 2001  |p 703 с. 
610 1 |a труды учёных ТПУ 
700 1 |a Крамаренко  |b В. В.  |c геолог  |c доцент Томского политехнического университета, кандидат геолого-минералогических наук  |f 1965-  |g Виолетта Валентиновна  |3 (RuTPU)RU\TPU\pers\27701  |9 12775 
702 1 |a Емельянова  |b Т. Я.  |c российский гидрогеолог  |c доцент Томского политехнического университета, кандидат геолого-минералогических наук  |f 1938-  |g Тамара Яковлевна  |3 (RuTPU)RU\TPU\pers\26076  |4 727 
801 1 |a RU  |b 63413507  |c 20020625  |g PSBO 
801 2 |a RU  |b 63413507  |c 20151208  |g PSBO 
942 |c BK